000 00872nam a2200289 a 4500
001 37977
003 BD-RjUL
005 20211209052711.0
008 150826s19771969ii b 001 0 eng
035 _a(BD-RjUL) 38082
040 _aDLC
_cDLC
_d(BD-RjUL
_beng
041 _aeng
082 0 0 _a822.3
_2JOA 1977
100 1 _aJonson, Benjamin
_9117639
245 1 4 _aThe Alchemist /
_cBenjamin Jonson; edited by Arthur Sale.
260 _aNew Delhi,
_bOxford University Pess .,
_cc1969.(Impression 1977)
300 _axvi, 223 p.
_c19 cm.
504 _aincludes bibliography
650 0 _aCity and town life
_xDrama.
_9117640
650 0 _aAlchemists
_xDrama.
_9117641
651 0 _aLondon (England)
_xDrama.
_9117642
655 7 _aComedies.
_2gsafd
_9117643
700 1 _aSale, Arthur,
_9117644
942 _2ddc
_cBK
999 _c37977
_d37977